Biggest Cities in Southeast Asia - Statistics

General Stats
  • This quiz has been taken 36 times
    12 since last reset
  • The average score is 18 of 27
Answer Stats
Hint Answer % Correct
21,200,000 Bangkok
100%
7,150,000 Hanoi
100%
13,900,000 Ho Chi Minh City
100%
29,200,000 Jakarta
100%
9,300,000 Kuala Lumpur
100%
2,825,000 Phnom Penh
100%
7,850,000 Singapore
100%
27,200,000 Manila
92%
2,750,000 Cebu
75%
4,200,000 Medan
75%
5,900,000 Surabaya
75%
6,150,000 Yangon
75%
6,950,000 Bandung
67%
2,050,000 George Town
67%
1,740,000 Mandalay
67%
1,460,000 Da Nang
58%
1,680,000 Davao
58%
1,790,000 Makassar
58%
1,760,000 Palembang
50%
1,780,000 Yogyakarta
50%
1,740,000 Angeles
42%
2,100,000 Semarang
42%
1,400,000 Bandar Lampung
33%
1,520,000 Chonburi-Pattaya
33%
1,430,000 Haiphong
25%
1,750,000 Malang
25%
1,680,000 Surakarta
25%
No matching quizzes found
Score Distribution
Percent of People with Each Score
Percentile by Number Answered
Your Score History
You have not taken this quiz since the last reset